000 00425nam a2200181Ia 4500
001 19231
005 20260306171729.0
008 260306s9999||||xx |||||||||||||| ||und||
041 _aESP
082 _a658.81
_bC12
100 _aCabanillas Campos, Carlos
_eAUT
245 0 _aEl mundo de las ventas
260 _c2000
300 _a211 páginas :
_c21cm.
650 _aGEN
654 _aCAN
942 _cLIB
_dJUS
_fJUS
_2ddc
_n
999 _c19231
_d19231